LEADER 00847oam 2200265z- 450 001 9910144964903321 005 20241212215549.0 010 $a9781509086627 010 $a1509086625 035 $a(CKB)1000000000695665 035 $a(EXLCZ)991000000000695665 100 $a20220628c2007uuuu -u- - 101 0 $aeng 200 00$aRehabilitation Robotics, 2007. ICORR 2007. IEEE 10th International Conference on 210 $cIEEE 311 08$a9781424413195 311 08$a1424413192 311 08$a9781424413201 311 08$a1424413206 517 $aComputer and Information Science 517 $a2007 IEEE 10th International Conference on Rehabilitation Robotics 906 $aPROCEEDING 912 $a9910144964903321 996 $aRehabilitation Robotics, 2007. ICORR 2007. IEEE 10th International Conference on$92505827 997 $aUNINA LEADER 02061nam0 2200433 i 450 001 RMS1679716 005 20251003044345.0 010 $a8815113894 100 $a20061120d2006 ||||0itac50 ba 101 | $aita 102 $ait 181 1$6z01$ai $bxxxe 182 1$6z01$an 183 1$6z01$anc$2RDAcarrier 200 1 $aˆL'‰integrazione economica europea, 1947-2006$fFrancesca Fauri 210 $aBologna$cIl mulino$d[2006] 215 $a303 p.$d22 cm. 225 | $aˆLe ‰vie della civiltà$i. Identità e integrazione europee 312 $aTit. sul dorso: ˆL'‰integrazione economica europea.$9CFI0715635 410 0$1001TO01571604$12001 $aˆLe ‰vie della civiltà$i. Identità e integrazione europee 517 1 $aˆL'‰integrazione economica europea.$9CFI0715635 606 $aEuropa$xIntegrazione economica$x1947-2006$2FIR$3LO1C770396$9E 676 $a330.94$9SITUAZIONI E CONDIZIONI ECONOMICHE. EUROPA EUROPA OCCIDENTALE$v21 676 $a338.94$9Sviluppo e crescita economica. Europa$v14 676 $a338.94$9SVILUPPO ECONOMICO. Europa$v21 686 $a33.2$cPROGRAMMI DI RICOSTRUZIONE ECONOMICA 1945-1968$2R 686 $aX00.0/EU$cSTORIA DELL'EUROPA OCCIDENTALE$2R 686 $aX171.2$cEUROPA UNITA CEE CECA MEC$2R 686 $aX172.5$cFONDO MONETARIO INTERNAZIONALE FMI$2R 686 $aX30.0$cSTORIA ECONOMICO-SOCIALE$2R 700 1$aFauri$b, Francesca$3RAVV096642$4070$0125985 801 3$aIT$bIT-000000$c20061120 850 $aIT-BN0095 901 $bNAP 01$cPOZZO LIB.$nVi sono collocati fondi di economia, periodici di ingegneria e scienze, periodici di economia e statistica e altri fondi comprendenti documenti di economia pervenuti in dono. 912 $aRMS1679716 950 0$aBiblioteca Centralizzata di Ateneo$c1 v.$d 01POZZO LIB.ECON MON 1392$e 0101 0000203835E VMA 1 v. (Precedente collocazione: DASES B 1621)$fB $h20091218$i20091218 977 $a 01 996 $aIntegrazione economica europea, 1947-2006$91226935 997 $aUNISANNIO